<?xml version="1.0" encoding="UTF-8"?>
<record
    xmlns:xsi="http://www.w3.org/2001/XMLSchema-instance"
    xsi:schemaLocation="http://www.loc.gov/MARC21/slim http://www.loc.gov/standards/marcxml/schema/MARC21slim.xsd"
    xmlns="http://www.loc.gov/MARC21/slim">

  <leader>01433naa a2200241 i 4500</leader>
  <controlfield tag="001">3372</controlfield>
  <controlfield tag="003">KOSZ 005</controlfield>
  <controlfield tag="005">20190610114321.0</controlfield>
  <controlfield tag="008">141105s2001    pl     f     |100 0 pol</controlfield>
  <datafield tag="040" ind1=" " ind2=" ">
    <subfield code="c">BPK</subfield>
    <subfield code="d">KOSZ 005/EG</subfield>
  </datafield>
  <datafield tag="080" ind1=" " ind2=" ">
    <subfield code="a">621.9</subfield>
  </datafield>
  <datafield tag="080" ind1=" " ind2=" ">
    <subfield code="a">621.43</subfield>
  </datafield>
  <datafield tag="100" ind1="1" ind2=" ">
    <subfield code="a">WALASIK, Stanis&#x142;aw.</subfield>
    <subfield code="d">1996 - 2003.</subfield>
    <subfield code="b">Politechnika Koszali&#x144;ska - Wydzia&#x142; Mechaniczny,</subfield>
    <subfield code="c">Katedra Maszyn Roboczych</subfield>
  </datafield>
  <datafield tag="245" ind1="1" ind2="0">
    <subfield code="a">Wp&#x142;yw uk&#x142;adu OUPN na jako&#x15B;&#x107; g&#x142;adzenia otwor&#xF3;w /</subfield>
    <subfield code="c">Stanis&#x142;aw Walasik, Adam Walasik.</subfield>
  </datafield>
  <datafield tag="500" ind1=" " ind2=" ">
    <subfield code="a">Dane z autopsji.</subfield>
  </datafield>
  <datafield tag="520" ind1=" " ind2=" ">
    <subfield code="a">W artykule przeanalizowano g&#x142;&#xF3;wne czynniki maj&#x105;ce istotny wp&#x142;yw na prawid&#x142;owy przebieg procesu g&#x142;adzenia - honowania. Dokonano szczeg&#xF3;&#x142;owej analizy rozk&#x142;adu si&#x142; wyst&#x119;puj&#x105;cych w g&#x142;owicy ose&#x142;kowej w pe&#x142;nym cyklu obr&#xF3;bkowym. Stwierdzono, &#x17C;e w&#x142;a&#x15B;ciwa stabilno&#x15B;&#x107; uk&#x142;adu obrabiarka - uchwyt - przedmiot - narz&#x119;dzie (OUPN) szczeg&#xF3;lnie w procesie g&#x142;adzenia otwor&#xF3;w decyduje przede wszystkim o jako&#x15B;ci struktury geometrycznej obrabianej powierzchni.</subfield>
  </datafield>
  <datafield tag="650" ind1=" " ind2="0">
    <subfield code="a">G&#x142;owice.</subfield>
  </datafield>
  <datafield tag="655" ind1=" " ind2="0">
    <subfield code="a">Materia&#x142;y konferencyjne.</subfield>
  </datafield>
  <datafield tag="650" ind1=" " ind2="0">
    <subfield code="a">In&#x17C;ynieria powierzchni</subfield>
  </datafield>
  <datafield tag="711" ind1="2" ind2="2">
    <subfield code="a">S&#x142;upskie Forum Motoryzacji</subfield>
    <subfield code="n">(4 ;</subfield>
    <subfield code="d">2001 ;</subfield>
    <subfield code="c">S&#x142;upsk, Polska).</subfield>
  </datafield>
  <datafield tag="773" ind1="0" ind2=" ">
    <subfield code="i">W :</subfield>
    <subfield code="t">Problemy bezpiecze&#x144;stwa wsp&#xF3;&#x142;czesnej motoryzacji : IV S&#x142;upskie Forum Motoryzacji, S&#x142;upsk 12-13 maja 2001. -</subfield>
    <subfield code="d">S&#x142;upsk : Starostwo Powiatowe w S&#x142;upsku, 2001. -</subfield>
    <subfield code="g">s. 225-244</subfield>
  </datafield>
  <datafield tag="942" ind1=" " ind2=" ">
    <subfield code="c">ROZ</subfield>
    <subfield code="2">UKD</subfield>
  </datafield>
  <datafield tag="999" ind1=" " ind2=" ">
    <subfield code="c">3372</subfield>
    <subfield code="d">3372</subfield>
  </datafield>
  <datafield tag="952" ind1=" " ind2=" ">
    <subfield code="0">0</subfield>
    <subfield code="1">0</subfield>
    <subfield code="4">0</subfield>
    <subfield code="7">0</subfield>
    <subfield code="a">BPK</subfield>
    <subfield code="b">BPK</subfield>
    <subfield code="o">64366</subfield>
    <subfield code="y">ROZ</subfield>
  </datafield>
</record>
